000 00464cam a2200193 4500
001 D2911
008 090401t1978 xxu||||| |||| 00| 0 eng d
035 _a(Sirsi) u71069
041 _aeng
050 _a690.89
100 _aCovington, S.A.
245 _aAttic housing
260 _aGarston, Watford
_bBuilding Research Establishment
_c1978
300 _a16p. 30cm
350 _a0
490 _aBRE Current Paper
_v49/78
942 _n0
948 _c04/03/1997
999 _c95376
_d95376